000 00575nam a22001937a 4500
999 _c2231
_d2231
008 160503b xxu||||| |||| 00| 0 eng d
020 _a971085514x
082 _22006
_aDFil 658.85
_bAr1
100 _97302
_aArante, Lilia B.
245 _aSalesmanship/
_cLilia B. Arante
250 _aRevised Edition
260 _aMandaluyong City:
_bNational Book Store,
_cc2006.
300 _axiv, 213 pages:
_billustrations;
_c22.5 cm.
500 _aInclude index.
650 0 _97301
_aSelling
700 _97305
_aGomez, Julita R.
_eAuthor
365 _b149.00
_cPhp.
942 _2ddc
_cDFIL